000 00772nam a2200241Ia 4500
003 OSt
005 20220923223735.0
006 a|||||r|||| 00| 0
007 ta
008 Pun
024 _a220,970
037 _cTextual
040 _aARTS
_cARTS
_bPun
041 _2Pun
_aPun
082 _aO153,1NKANx, N7
100 _aਕੌ੍ਵਕੇ, ਅਮਰਜੀਤ, ਥਦ.
245 0 _aਸਮਾਂ ਉਦਾਸ ਨਹੀਜ਼
260 _aਚੰਡੀਗੜ
_b ਬਲਰਾਜ ਸਾਹਨੀ ੂੂੁੁਯਾਦਗਾਰ ਪ੍ਰਕਾFਨ
_c1997
300 _a112ਪੰ
_ccm.
650 _aਪੰਜਾਬੀ ਸਾਹਿਤ
942 _hO153,1NKANx, N7
_cTEXL
_2CC
999 _c367171
_d367171